| 000 | 00423nam a22001457a 4500 | ||
|---|---|---|---|
| 020 | _a978-9694190185 | ||
| 082 |
_a891.4397 _bMUS |
||
| 245 |
_aChiragh Talay / _b By: Mushtaq Ahmed Yousfi |
||
| 260 |
_aکراچی: _bپاکستان پبلشنگ ہاؤس, _c2019 |
||
| 300 | _a165P.; | ||
| 563 | _aHardcover | ||
| 880 |
_6100-01\r _aمشتاق احمد یوسفی |
||
| 880 |
_6245-02\r _aچراغ تلے |
||
| 942 |
_2ddc _cBK |
||
| 999 |
_c613081 _d613081 |
||